| 000 | 00447nam a2200181Ia 4500 | ||
|---|---|---|---|
| 001 | 7558 | ||
| 005 | 20260306160504.0 | ||
| 008 | 260306t2006||||xx |||||||||||||| ||spa|| | ||
| 041 | _aESP | ||
| 082 |
_a353.88284 _bU61 |
||
| 110 | _aUniversia | ||
| 245 | 0 |
_aBuenas prácticas : _buniversitarias en materia de calidad |
|
| 260 | _c2006 | ||
| 300 |
_avarias paginaciones : _c29 cm. |
||
| 650 | _aGEN | ||
| 654 | _aCAN | ||
| 942 |
_cLIB _dJUS _fJUS _2ddc _n |
||
| 999 |
_c7558 _d7558 |
||